000 00450cam a22001934a 4500
005 20250605164255.0
008 250528s ||||||||||||||||||||||||d
035 _a21926
040 _aGR-AtMCL
_bgre
_dGR-AtMCL
_eAACR2
245 1 _aPRIMARY ENGLISH (BLACKIE BOOK 1)
250 _a1
260 _c1968
300 _a90
700 1 _aBlackie Chambers
_97474
700 1 _aSanders Eileen
_97808
942 _cBK
999 _c6983
_d6983